00273pab a2200109 454500008004000000245005600040260000900096300001100105362000800116650002000124773001900144180718b1996 xxu||||| |||| 00| 0 eng d aSPECIAL issue on global effort for conquest of AIDS c1996 ap.3-38 aDec aHealth services aSocial Welfare